Sports Quiz

Random Sports or NBA Quiz

Oldest NBA All-Stars Quiz Stats

Quiz Updated Feb 17, 2018

Challenge
Share
Tweet
Embed
Score 0/84 Timer 08:00
3 Plays Today
Age Player % Correct
36Kobe Bryant
95.8%
34Kobe Bryant
95.8%
35Kobe Bryant
95.7%
37Kobe Bryant
94.8%
38Michael Jordan
94.7%
34Michael Jordan
94.7%
39Michael Jordan
93.7%
36Tim Duncan
91.2%
34Tim Duncan
91.2%
38Tim Duncan
91%
37Kareem Abdul-Jabbar
89.6%
40Kareem Abdul-Jabbar
89.6%
35Kareem Abdul-Jabbar
89.6%
38Kareem Abdul-Jabbar
89.6%
39Kareem Abdul-Jabbar
89.6%
36Kareem Abdul-Jabbar
89.6%
34Kareem Abdul-Jabbar
89.6%
41Kareem Abdul-Jabbar
88.7%
37Karl Malone
88.3%
36Karl Malone
88.3%
34Karl Malone
88.3%
38Karl Malone
88.1%
35Larry Bird
85.4%
34Larry Bird
85.4%
35*Dirk Nowitzki
85%
36*Dirk Nowitzki
84.3%
36Kevin Garnett
84.3%
34Kevin Garnett
84.3%
Age Player % Correct
38Steve Nash
83.3%
36Steve Nash
83%
34Paul Pierce
82.2%
34John Stockton
81.7%
37John Stockton
80.9%
34*Dwyane Wade
78.8%
34Shaquille O'Neal
78.7%
34David Robinson
77.7%
35David Robinson
77%
36Shaquille O'Neal
74.7%
35Ray Allen
74.4%
34Allen Iverson
71.2%
34Wilt Chamberlain
70.2%
35Wilt Chamberlain
70.2%
34Jason Kidd
69.1%
36Wilt Chamberlain
68.8%
34Jerry West
68.8%
34Bill Russell
67.8%
35Jerry West
67.6%
36Julius Erving
67.4%
34Julius Erving
67.4%
35Julius Erving
67.4%
36Jason Kidd
67.3%
34Hakeem Olajuwon
67.3%
34Reggie Miller
62.1%
34Gary Payton
61.5%
34Patrick Ewing
61%
36Robert Parish
59%
Age Player % Correct
37Robert Parish
58.5%
34Dominique Wilkins
56.5%
36John Havlicek
52.3%
35John Havlicek
52.3%
34John Havlicek
52.3%
37John Havlicek
52.2%
35*Pau Gasol
50.4%
35Elgin Baylor
50.1%
34Elgin Baylor
49.5%
34*Pau Gasol
48.7%
34Bob Cousy
48.2%
34Clyde Drexler
47.1%
35Dikembe Mutombo
45.8%
35Alex English
45.5%
34Alex English
45.4%
34Dikembe Mutombo
44.2%
34Sam Jones
38.8%
34Sam Cassell
29.9%
34Elvin Hayes
28.6%
34Bernard King
24.7%
34Detlef Schrempf
21.7%
36Artis Gilmore
12.3%
35Lenny Wilkens
10.5%
37Johnny Green
8.4%
34Anthony Mason
6.1%
34Bob Davies
1.3%
34Bobby Wanzer
1%
34Nathaniel Clifton
0.9%

You're not logged in!

Compare scores with friends on all Sporcle quizzes.
Join for Free
OR
Log In

You Might Also Like...

Show Comments

Extras

Top Quizzes Today


Score Distribution

Your Account Isn't Verified!

In order to create a playlist on Sporcle, you need to verify the email address you used during registration. Go to your Sporcle Settings to finish the process.

Report this User

Report this user for behavior that violates our Community Guidelines.

Details: